000
00211 a2200109 4500
020
_a
9780439876377
041
_a
eng
100
_a
Justin McCory Martin
245
_a
Incredible Owls
942
_c
BK
952
_7
1
999
_c
18850
_d
18850